Sports Quiz

Random Sports or NCAA Quiz

NCAA Men's DI Basketball Championship upsets since 1985 Quiz Stats

 Plays Quiz not verified by Sporcle

Also try: MLB Closest Team
Challenge
Share
Tweet
Embed
Score 0/153 Timer 10:00
0 Plays Today
ROUND GAME % Correct
FIRST ROUNDGeorge Mason 75 Michigan State 65
75.9%
SECOND ROUNDGeorge Mason 65 North Carolina 60
75.9%
SWEET 16George Mason 63 Wichita State 55
75.9%
ELITE 8George Mason 86 Connecticut 84 (OT)
75.9%
FIRST ROUNDGonzaga 86 Virginia 85
73.4%
SECOND ROUNDGonzaga 85 Indiana State 68
73.4%
FIRST ROUNDButler 47 Mississippi State 46
72.2%
SECOND ROUNDButler 79 Louisville 71
72.2%
FIRST ROUNDRichmond 73 Syracuse 69
70.9%
FIRST ROUNDRichmond 62 South Carolina 61
70.9%
FIRST ROUNDRichmond 72 Indiana 69
70.9%
SECOND ROUNDRichmond 59 Georgia Tech 55
70.9%
FIRST ROUNDHampton 58 Iowa State 57
68.4%
FIRST ROUNDOhio 97 Georgetown 83
65.8%
FIRST ROUNDMissouri 93 Miami (FL) 80
65.8%
SECOND ROUNDMissouri 83 Ohio State 64
65.8%
SWEET 16Missouri 82 UCLA 73
65.8%
FIRST ROUNDPrinceton 43 UCLA 41
64.6%
FIRST ROUNDVillanova 75 Clemson 69
63.3%
SECOND ROUNDVillanova 84 Siena 72
63.3%
FIRST ROUNDBucknell 64 Kansas 63
60.8%
FIRST ROUNDNorthern Iowa 74 Missouri 71
60.8%
FIRST ROUNDCleveland State 83 Indiana 79
60.8%
FIRST ROUNDCleveland State 84 Wake Forest 69
60.8%
SECOND ROUNDCleveland State 75 St. Joseph's 69
60.8%
FIRST ROUNDXavier 89 Nebraska 84
59.5%
FIRST ROUNDTulsa 84 Dayton 71
59.5%
FIRST ROUNDSouthern 93 Georgia Tech 78
59.5%
FIRST ROUNDXavier 70 Missouri 69
59.5%
FIRST ROUNDTulsa 71 Marquette 69
59.5%
FIRST ROUNDTulsa 112 UCLA 102
59.5%
FIRST ROUNDLSU 94 Purdue 87 (OT)
59.5%
SECOND ROUNDTulsa 82 Oklahoma State 80
59.5%
SECOND ROUNDLSU 83 Memphis 81
59.5%
SWEET 16LSU 70 Georgia Tech 64
59.5%
ELITE 8LSU 59 Kentucky 57
59.5%
FIRST ROUNDUtah State 77 Ohio State 68(OT)
58.2%
FIRST ROUNDArizona 84 Utah 71
57%
SECOND ROUNDArizona 71 Cleveland State 57
57%
FIRST ROUNDSanta Clara 64 Arizona 61
55.7%
FIRST ROUNDWisconsin 61 Florida State 59 (OT)
54.4%
FIRST ROUNDCreighton 83 Florida 82 (OT)
54.4%
FIRST ROUNDCreighton 64 New Mexico State 56
54.4%
FIRST ROUNDBradley 77 Kansas 73
53.2%
FIRST ROUNDVermont 60 Syracuse 57 (OT)
53.2%
FIRST ROUNDIndiana State 70 Oklahoma 68 (OT)
53.2%
FIRST ROUNDTexas 90 Oregon 73
53.2%
FIRST ROUNDTexas 76 Georgia Tech 70
53.2%
SECOND ROUNDBradley 72 Pittsburgh 66
53.2%
FIRST ROUNDValparaiso 70 Mississippi 69
51.9%
FIRST ROUNDTemple 79 Texas 65
51.9%
ROUND GAME % Correct
SECOND ROUNDValparaiso 83 Florida State 77 (OT)
51.9%
SECOND ROUNDTemple 75 Florida 54
51.9%
SWEET 16Temple 84 Penn State 72
51.9%
FIRST ROUNDSiena 80 Stanford 78
50.6%
FIRST ROUNDSiena 83 Vanderbilt 62
50.6%
FIRST ROUNDWestern Kentucky 75 Illinois 71
50.6%
FIRST ROUNDWestern Kentucky 101 Drake 99 (OT)
50.6%
FIRST ROUNDArkansas 86 Penn State 80
50.6%
FIRST ROUNDMiami (OH) 71 Arizona 62
50.6%
SECOND ROUNDWestern Kentucky 72 San Diego 63
50.6%
SECOND ROUNDArkansas 65 Marquette 56
50.6%
FIRST ROUNDPenn State 74 UCLA 69
49.4%
FIRST ROUNDWashington 80 Marquette 78
48.1%
FIRST ROUNDWashington 69 Xavier 68
48.1%
SECOND ROUNDWashington 82 New Mexico 64
48.1%
SECOND ROUNDWashington 81 Richmond 66
48.1%
FIRST ROUNDKentucky 66 Washington 58
46.8%
SECOND ROUNDKentucky 64 UNLV 61
46.8%
FIRST ROUNDSan Diego 70 Connecticut 69 70-69 (OT)
45.6%
FIRST ROUNDOklahoma 61 Arizona 60
45.6%
FIRST ROUNDCornell 78 Temple 65
45.6%
FIRST ROUNDFlorida State 96 TCU 87
45.6%
SECOND ROUNDOklahoma 85 Charlotte 72
45.6%
SECOND ROUNDCornell 87 Wisconsin 69
45.6%
FIRST ROUNDMurray State 78 NC State 75
44.3%
FIRST ROUNDMurray State 66 Vanderbilt 65
44.3%
FIRST ROUNDDayton 88 Illinois 86
44.3%
FIRST ROUNDDayton 68 West Virginia 62
44.3%
FIRST ROUNDCoppin State 78 South Carolina 65
43%
FIRST ROUNDWeber State 76 North Carolina 74
43%
FIRST ROUNDWeber State 79 Michigan State 72
43%
FIRST ROUNDUAB 82 LSU 68
43%
FIRST ROUNDKent State 77 Indiana 73
40.5%
FIRST ROUNDMontana 87 Nevada 79
40.5%
FIRST ROUNDSouthern Illinois 76 Texas Tech 68
40.5%
SECOND ROUNDSouthern Illinois 77 Georgia 75
40.5%
FIRST ROUNDManhattan 75 Florida 60
39.2%
FIRST ROUNDNew Mexico State 81 DePaul 73
39.2%
SECOND ROUNDNew Mexico State 81 Southwestern Louisiana 73
39.2%
FIRST ROUNDKansas State 80 So. California 67
38%
FIRST ROUNDRhode Island 87 Missouri 80
38%
SECOND ROUNDRhode Island 97 Syracuse 94
38%
FIRST ROUNDTexas A&M 66 Syracuse 58
36.7%
FIRST ROUNDManhattan 77 Oklahoma 67
35.4%
FIRST ROUNDEastern Michigan 76 Mississippi State 56
35.4%
FIRST ROUNDDePaul 66 Memphis State 63
35.4%
FIRST ROUNDDePaul 72 Virginia 68
35.4%
FIRST ROUNDAuburn 59 Purdue 58
35.4%
SECOND ROUNDEastern Michigan 71 Penn State 68 (OT)
35.4%
SECOND ROUNDDePaul 74 Oklahoma 69
35.4%
SECOND ROUNDAuburn 66 Kansas 64
35.4%
ROUND GAME % Correct
FIRST ROUNDNorthwestern State 64 Iowa 63
34.2%
FIRST ROUNDOld Dominion 89 Villanova 81(3OT)
34.2%
FIRST ROUNDOld Dominion 51 Notre Dame 50
34.2%
FIRST ROUNDBoston College 64 Indiana 51
34.2%
FIRST ROUNDConnecticut 79 LSU 62
34.2%
FIRST ROUNDLoyola Marymount 111 New Mexico State 92
34.2%
FIRST ROUNDBoston College 55 Texas Tech 53
34.2%
SECOND ROUNDConnecticut 66 Xavier 50
34.2%
SECOND ROUNDLoyola Marymount 149 Michigan 115
34.2%
SECOND ROUNDBoston College 74 Duke 73
34.2%
SWEET 16Loyola Marymount 62 Alabama 60
34.2%
FIRST ROUNDEast Tennessee State 87 Arizona 80
32.9%
FIRST ROUNDGeorge Washington 82 New Mexico 68
32.9%
FIRST ROUNDWyoming 64 Virginia 60
32.9%
FIRST ROUNDWyoming 73 Gonzaga 68
32.9%
FIRST ROUNDMinnesota 86 Kansas State 75
32.9%
FIRST ROUNDUTEP 79 Tulsa 75
32.9%
SECOND ROUNDGeorge Washington 90 Southern 80
32.9%
SECOND ROUNDWyoming 78 UCLA 68
32.9%
SECOND ROUNDMinnesota 80 Siena 67
32.9%
SECOND ROUNDMissouri State 81 Tennessee 51
31.6%
FIRST ROUNDNavy 78 LSU 55
29.1%
FIRST ROUNDTulane 55 Kansas State 53
27.8%
FIRST ROUNDPacific 66 Providence 58
26.6%
FIRST ROUNDArkansas-Little Rock 90 Notre Dame 83
25.3%
FIRST ROUNDUW-Milwaukee 83 Alabama 73
25.3%
FIRST ROUNDUW-Milwaukee 82 Oklahoma 74
25.3%
FIRST ROUNDPepperdine 77 Indiana 57
25.3%
SECOND ROUNDUW-Milwaukee 83 Boston College 75
25.3%
FIRST ROUNDChattanooga 73 Georgia 70
24.1%
FIRST ROUNDUNC-Wilmington 93 So. California 89 (OT)
24.1%
FIRST ROUNDDetroit 56 UCLA 53
24.1%
FIRST ROUNDPennsylvania 90 Nebraska 80
24.1%
FIRST ROUNDAustin Peay 68 Illinois 67
22.8%
FIRST ROUNDDrexel 75 Memphis 63
22.8%
FIRST ROUNDWisconsin-Green Bay 61 California 57
22.8%
FIRST ROUNDBall State 54 Oregon State 53
22.8%
FIRST ROUNDCentral Michigan 79 Creighton 73
22.8%
SECOND ROUNDBall State 62 Louisville 60
22.8%
FIRST ROUNDCollege of Charleston 75 Maryland 66
21.5%
FIRST ROUNDWinthrop 76 Notre Dame 64
20.3%
FIRST ROUNDVirginia Commonwealth 79 Duke 77
20.3%
FIRST ROUNDWestern Michigan 75 Clemson 72
19%
FIRST ROUNDGeorgia State 50 Wisconsin 49
17.7%
FIRST ROUNDMiddle Tennessee 97 Florida State 83
13.9%
FIRST ROUNDEvansville 94 Oregon State 90 (OT)
13.9%
FIRST ROUNDSouth Alabama 86 Alabama 84
11.4%
FIRST ROUNDSouthwest Missouri State 65 Clemson 60
8.9%
FIRST ROUNDSouthwest Missouri State 43 Wisconsin 32
8.9%
FIRST ROUNDSouthwestern Louisiana 87 Oklahoma 83
7.6%
SECOND ROUNDUT-Chattanooga 75 Illinois 63
3.8%

You're not logged in!

Compare scores with friends on all Sporcle quizzes.
OR
Log In

You Might Also Like...

Show Comments

Extras

Top Quizzes Today


Score Distribution

Your Account Isn't Verified!

In order to create a playlist on Sporcle, you need to verify the email address you used during registration. Go to your Sporcle Settings to finish the process.

Report this User

Report this user for behavior that violates our Community Guidelines.

Details: